000 00266nam a2200121Ia 4500
008 190216s9999||||xx |||||||||||||| ||und||
100 _aSarojni Singh
245 0 _aHindi - Thap
260 _bPoorv Prakashan
_c2007
300 _a112
650 _aHindi
942 _cBK
999 _c16452
_d16452